de Arcilla y Ruinas.
Gardado en:
| Autor Principal: | |
|---|---|
| Formato: | Libro |
| Publicado: |
Valparaíso, Chile:
Ediciones Universitarias de Valparaíso,
2022.
|
| Subjects: | |
| Tags: |
Engadir etiqueta
Sen Etiquetas, Sexa o primeiro en etiquetar este rexistro!
|
MARC
| LEADER | 00000nam a22000007a 4500 | ||
|---|---|---|---|
| 003 | CL-VaPUC | ||
| 005 | 20230531074427.0 | ||
| 008 | 220908t2022 ||||| |||| 00| 0 eng d | ||
| 999 | |c 438645 |d 438643 | ||
| 020 | |a 978-956-17-1002-3 | ||
| 040 | |c Pontificia Universidad Católica de Valparaíso | ||
| 082 | |2 22 |a Ch861 PIE 2022 | ||
| 100 | 1 | |a Piérola Fuentes, Nicolás |e autor |9 876443 | |
| 245 | |a de Arcilla y Ruinas. | ||
| 260 | |a Valparaíso, Chile: |b Ediciones Universitarias de Valparaíso, |c 2022. | ||
| 300 | |a 62 páginas. | ||
| 500 | |a c.1-c.3. Donación Profesor Nicolás Piérola Fuentes. Memo 07/2022. 31/08/2022. c.4 Donación EUV -13-9-2022 | ||
| 583 | |c 20220908 |k Catalogador Asistente | ||
| 650 | 0 | |9 265280 |a Poesías chilenas |y Siglo XXI | |
| 650 | 0 | |9 372646 |a Poemas |x Humanidad |z Chile | |
| 650 | 0 | |a Literatura chilena |y Siglo XXI |9 308278 | |
| 942 | |2 ddc |c BK | ||
| 952 | |0 0 |1 0 |2 ddc |4 0 |6 CH_861_000000000000000_PIE_2022 |7 0 |8 A |9 586641 |a BIBART |b BIBART |d 2022-09-08 |e Donación |i 5654610 |o Ch861 PIE 2022 |p 5654610 |r 2025-03-13 |t 1 |w 2022-09-08 |y BK |k ART | ||
| 952 | |0 0 |1 0 |2 ddc |4 0 |6 CH_861_000000000000000_PIE_2022 |7 0 |8 A |9 586642 |a BIBART |b BIBART |d 2022-09-08 |e Donación |i 5654611 |o Ch861 PIE 2022 |p 5654611 |r 2025-03-13 |t 2 |w 2022-09-08 |y BK |k ART | ||
| 952 | |0 0 |1 0 |2 ddc |4 0 |6 CH_861_000000000000000_PIE_2022 |7 0 |8 A |9 586643 |a BIBART |b BIBART |d 2022-09-08 |e Donación |i 5654612 |o Ch861 PIE 2022 |p 5654612 |r 2025-03-13 |t 3 |w 2022-09-08 |y BK |k ART | ||
| 952 | |0 0 |1 0 |2 ddc |4 0 |6 CH_861_000000000000000_PIE_2022 |7 0 |8 A |9 586833 |a BIBEDU |b BIBEDU |c GEN |d 2022-09-26 |e Donación |i 5654781 |o Ch861 PIE 2022 |p 5654781 |r 2022-09-26 |t 4 |w 2022-09-26 |y BK |k LIT | ||